Finale Coupe du Monde 2022 - Statistiques

Statistiques générales
  • Ce quiz a été pris 209 fois
  • Le résultat moyen est 24 sur 37
Statistiques - réponses
% Correct
G Hugo Lloris
98%
AG Kylian Mbappé
97%
AD Lionel Messi
94%
BU Olivier Giroud
94%
MC Antoine Griezmann
93%
AD Ousmane Dembélé
92%
DG Théo Hernandez
92%
Coach Didier Deschamps
90%
41’ Randal Kolo Muani
88%
G Emiliano Martínez
87%
DC Raphaël Varane
87%
DC Dayot Upamecano
86%
103’ Lautaro Martínez
86%
MC Aurélien Tchouaméni
84%
DD Jules Koundé
84%
MC Adrien Rabiot
82%
AG Ángel Di María
81%
71’ Eduardo Camavinga
74%
113’ Ibrahima Konaté
71%
71’ Kingsley Coman
71%
41’ Marcus Thuram
67%
MC Rodrigo De Paul
60%
BU Julián Álvarez
58%
DC Nicolás Otamendi
57%
MC Enzo Fernández
53%
120+1’ Paulo Dybala
51%
DG Nicolás Tagliafico
48%
96’ Youssouf Fofana
46%
MC Alexis Mac Allister
39%
102’ Leandro Paredes
39%
DD Nahuel Molina
34%
Coach Lionel Scaloni
32%
64’ Marcos Acuña
32%
DC Cristian Romero
31%
90’ Gonzalo Montiel
30%
120+1’ Axel Disasi
21%
116’ Germán Pezzella
9%
Aucun quiz correspondant
Distribution des résultats
% des personnes avec chaque résultat
Percentile par nombre de réponses
Votre historique - résultats
Vous n’avez pas pris ce quiz